Дизайн и рекламные технологии: учебное пособие

Bibliografske podrobnosti
Glavni avtor: Ткаченко О. Н. Ольга Николаевна
Korporativna značnica: Омский государственный технический университет (ОмГТУ)
Izvleček:Учебное пособие предназначено для изучения теоретических основ рекламной деятельности, предусмотренных учебной программой дисциплины «Дизайн и рекламные технологии» для направления подготовки бакалавриата 072500 62 «Дизайн» всех форм обучения.
Jezik:ruščina
Izdano: Москва, Магистр, 2015
Serija:Бакалавриат
Teme:
Format: Knjiga
KOHA link:https://koha.lib.tpu.ru/cgi-bin/koha/opac-detail.pl?biblionumber=267890

MARC

LEADER 00000nam0a2200000 4500
001 267890
005 20231101234122.0
010 |a 9785977602884 
010 |a 978-5-16-009262-1 
035 |a (RuTPU)RU\TPU\book\291003 
090 |a 267890 
100 |a 20140822d2015 m y0rusy50 ca 
101 0 |a rus 
102 |a RU 
105 |a a j 001zy 
200 1 |a Дизайн и рекламные технологии  |e учебное пособие  |f О. Н. Ткаченко  |g Омский государственный технический университет (ОмГТУ) 
210 |a Москва  |c Магистр  |c Инфра-М  |d 2015 
215 |a 176 с.  |c ил. 
225 1 |a Бакалавриат 
320 |a Библиогр.: с. 151-152. 
320 |a Словарь терминов: с. 153-164. 
330 |a Учебное пособие предназначено для изучения теоретических основ рекламной деятельности, предусмотренных учебной программой дисциплины «Дизайн и рекламные технологии» для направления подготовки бакалавриата 072500 62 «Дизайн» всех форм обучения. 
606 1 |a Реклама  |2 stltpush  |3 (RuTPU)RU\TPU\subj\24860  |9 49135 
610 1 |a рекламные технологии 
610 1 |a дизайн 
610 1 |a история 
610 1 |a рекламные кампании 
610 1 |a рекламная деятельность 
610 1 |a творческие стратегии 
610 1 |a торговые марки 
610 1 |a бренд 
610 1 |a рекламные образы 
610 1 |a распространение 
610 1 |a оценка эффективности 
610 1 |a дизайнеры 
610 1 |a презентации 
610 1 |a визуальная реклама 
610 1 |a рекламная продукция 
610 1 |a рекламные исследования 
610 1 |a стилизация 
610 1 |a вербальные средства 
610 1 |a невербальные средства 
610 1 |a учебные пособия 
675 |a 659(075.8)  |v 3 
700 1 |a Ткаченко  |b О. Н.  |g Ольга Николаевна 
712 0 2 |a Омский государственный технический университет (ОмГТУ)  |c (1993- )  |2 stltpush  |3 (RuTPU)RU\TPU\col\394 
801 1 |a RU  |b 63413507  |c 20140822 
801 2 |a RU  |b 63413507  |c 20150707  |g RCR 
900 |a Дизайн 
900 |a Реклама и дизайн 
942 |c BK 
959 |a 89/20140527  |d 5  |e 269,90  |f ЧЗГЛ:1  |f АНЛ:1  |f УФ:3